000 00256nam a2200109Ia 4500
008 200302s9999 xx 000 0 und d
100 _aDominic Bradbury
245 _aNew Natural Home
260 _bThames and Hudson Ltd.
260 _c2011
300 _a253 P.,
999 _c2895
_d2895